Загрузка...

PHARMACEUTICAL ANALYSIS VOLUME I

Библиографические подробности
Главный автор: ANEES A SIDDIQUI & SEEMI SIDDIQUI
Формат: Printed Book
Опубликовано: NEW DELHI CBS PUBLISHERS & DISTRIBUTERS 2006
Предметы:
LEADER 00534nam a2200193 4500
020
037
082 |a 615 SID 
100 |a ANEES A SIDDIQUI & SEEMI SIDDIQUI 
245 |a PHARMACEUTICAL ANALYSIS VOLUME I  |h English 
250
260 |a NEW DELHI  |b CBS PUBLISHERS & DISTRIBUTERS  |c 2006 
300 |a 296 
500
590
650 |a PHARMACEUTICAL ANALYSIS VOLUME I 
942 |c BK 
999 |c 131953  |d 131953 
952 |0 0  |1 0  |4 0  |6 615_000000000000000_SID  |7 0  |9 145415  |a BTY  |b BTY  |l 0  |o 615 SID  |p BTY1451  |r 2019-10-24  |w 2019-10-24  |y BK